=LDR 00000nam 2200000 4500 =001 INLIS00000000000027 =005 20260702043538 =020 ##$$a 9786237495338 =082 ##$$a 639.739 =100 1#$$a Ariyanto, Joko =245 1 $$a Cara Mudah Membudidayakan Teripang /$c Joko Ariyanto =300 ##$$a 128 ; 14,5 x 21